000 00324nam a2200109Ia 4500
008 171211s9999 xx 000 0 und d
245 _aFrom Economics Imperialism to Freakonomics
245 _cBen Fine and Dimitris Milonakis
260 _c2009
650 _xECONOMICS
856 _uhttp://down.ebook777.com/062/0415423236.pdf
999 _c349602
_d349602